000
00328 a2200145 4500
001
60064
020
_a
9783125344686
040
_c
Anchieta - Pituba
240
1
0
_a
Eli illustrierter wortschatz
_l
deu / ger
245
1
0
_a
Eli illustrierter wortschatz
300
_a
96
362
0
_a
2007
650
4
_a
Língua alemã
942
_c
BK
999
_c
60064
_d
60064